000 00608nam a2200193Ia 4500
005 20250507130150.0
008 008 250505s9999 xx 000 0 eng d
037 _aDIS
040 _aEASL
_beng
_cEASL
041 _aeng
_2eng
084 _a0000157
_qEASL
100 _aSingh Priti
_9645092
245 0 _aEnvironmental policies in Republic of Korea: Influence of Non-State actors. Dr. Ravni Thakur
260 _aIndia
_bUnivesity of Delhi. Social Sciences. East Asian Studies (Delhi India)
_c2012
300 _a101p.
650 _aKEL
942 _cDIS
_h0000157
999 _c1318045
_d1318045